Vývoj počtu a štruktúry študentov na úrovni ISCED 5-6 v SR a jeho porovnanie s vývojom v krajinách V4 a v Európskej únii

Porovnanie vývoja počtu študentov na úrovni ISCED 5-6 v SR s vývojom v krajinách V4 a v Európskej únii. Porovnanie zloženia študentov (úroveň ISCED 5-6 - terciárne vzdelávanie) z hľadiska oblasti štúdia, pohlavia a veku v SR s krajinami V4 a Európskou úniou

Saved in:
Bibliographic Details
Main Author: Šoltésová, Tatiana, 1975-
Other Authors: Šoltés, Erik, 1974-
Format: Book Chapter
Language:Slovak
Subjects:
Tags: Add Tag
No Tags, Be the first to tag this record!

MARC

LEADER 00000naa$a2200000$$$4500
001 0042813
005 20240502071517.1
041 0 |a slo 
044 |a SK 
245 1 0 |a Vývoj počtu a štruktúry študentov na úrovni ISCED 5-6 v SR a jeho porovnanie s vývojom v krajinách V4 a v Európskej únii  |c Tatiana Šoltésová, Erik Šoltés 
520 |a Porovnanie vývoja počtu študentov na úrovni ISCED 5-6 v SR s vývojom v krajinách V4 a v Európskej únii. Porovnanie zloženia študentov (úroveň ISCED 5-6 - terciárne vzdelávanie) z hľadiska oblasti štúdia, pohlavia a veku v SR s krajinami V4 a Európskou úniou 
610 2 0 |a porovnanie štatistické medzinárodné 
610 2 0 |a Slovensko 
610 2 0 |a Európska únia 
610 2 0 |a vzdelávanie 
610 2 0 |a študenti 
610 2 0 |a školy vysoké 
610 2 0 |a vzdelávanie terciárne 
100 1 |a Šoltésová, Tatiana, 1975- 
700 1 |a Šoltés, Erik, 1974-